Media laws in Zimbabwe : (Record no. 142255)
[ view plain ]
| 000 -LEADER | |
|---|---|
| fixed length control field | 00823cam a2200229 a 4500 |
| 008 - FIXED-LENGTH DATA ELEMENTS--GENERAL INFORMATION | |
| fixed length control field | |
| 049 ## - LOCAL HOLDINGS (OCLC) | |
| Holding library | MAIN |
| 090 ## - LOCALLY ASSIGNED LC-TYPE CALL NUMBER (OCLC); LOCAL CALL NUMBER (RLIN) | |
| Classification number (OCLC) (R) ; Classification number, CALL (RLIN) (NR) | K4240 |
| Local cutter number (OCLC) ; Book number/undivided call number, CALL (RLIN) | HON |
| 003 - CONTROL NUMBER IDENTIFIER | |
| control field | |
| 005 - DATE AND TIME OF LATEST TRANSACTION | |
| control field | 20230123125459.0 |
| 040 ## - CATALOGING SOURCE | |
| Transcribing agency | NUST |
| 100 ## - MAIN ENTRY--PERSONAL NAME | |
| Personal name | Hondora, Tawanda. |
| 245 00 - TITLE STATEMENT | |
| Title | Media laws in Zimbabwe : |
| Remainder of title | a constitutional and comparative analysis of Zimbabwean laws that infringe media freedom / |
| Statement of responsibility, etc. | Tawanda Hondora. |
| 260 ## - PUBLICATION, DISTRIBUTION, ETC. | |
| Place of publication, distribution, etc. | Harare : |
| Name of publisher, distributor, etc. | Konrad Adeauer Foundation, |
| Date of publication, distribution, etc. | c[ ]. |
| 300 ## - PHYSICAL DESCRIPTION | |
| Extent | 156 p. ; |
| Dimensions | 24 cm. |
| 504 ## - BIBLIOGRAPHY, ETC. NOTE | |
| Bibliography, etc. note | Includes bibliographical references. |
| 650 #0 - SUBJECT ADDED ENTRY--TOPICAL TERM | |
| Topical term or geographic name entry element | Mass media |
| General subdivision | Political aspects |
| Geographic subdivision | Africa |
| Form subdivision | Congresses. |
| 650 #0 - SUBJECT ADDED ENTRY--TOPICAL TERM | |
| Topical term or geographic name entry element | Democracy |
| Geographic subdivision | Zimbabwe |
| Form subdivision | Congresses. |
| 651 #0 - SUBJECT ADDED ENTRY--GEOGRAPHIC NAME | |
| Geographic name | Zimbabwe |
| General subdivision | Laws and government |
| Chronological subdivision | 1960- |
| Form subdivision | Congresses. |
| 907 ## - LOCAL DATA ELEMENT G, LDG (RLIN) | |
| a | .b10321019 |
| b | 06-11-13 |
| c | 19-10-12 |
| 942 ## - ADDED ENTRY ELEMENTS (KOHA) | |
| Koha item type | Ordinary Loan Books |
| Call number prefix | K4240 |
| Call number suffix | HON |
| Date last seen | Total Checkouts | Full call number | Barcode | Cost, replacement price | Price effective from | Koha item type | Lost status | Source of classification or shelving scheme | Damaged status | Not for loan | Collection | Withdrawn status | Home library | Current library | Shelving location | Date acquired | Cost, normal purchase price |
|---|---|---|---|---|---|---|---|---|---|---|---|---|---|---|---|---|---|
| 01/23/2023 | 16 | K4240 HON | 92004030089 | 80.00 | 01/23/2023 | BOOKS | LCC | NFIC | MAIN | MAIN | GEN | 01/23/2023 | 80.00 |